Advances in international marketing : industrial networks

Αποθηκεύτηκε σε:
Λεπτομέρειες βιβλιογραφικής εγγραφής
Άλλοι συγγραφείς: Sharma, Dharma D. (Επιμελητής έκδοσης), Cavusgil, S. Tamer
Μορφή: Βιβλίο
Γλώσσα:English
Δημοσίευση: Greenwich, Connecticut : Jai press inc., 1993
Θέματα:
Ετικέτες: Προσθήκη ετικέτας
Δεν υπάρχουν, Καταχωρήστε ετικέτα πρώτοι!

MARC

LEADER 00000nam a2200000 i 4500
001 1/19941
008 960704s1993 eng d
020 |a 1559384077 
035 |l 10021454 
040 |a GR-MY-UA  |b gre  |e aacr 
041 0 |a eng 
082 0 |a 658.848 
245 1 0 |a Advances in international marketing :  |b industrial networks /  |c Edited by:D.Deo Sharma ; S.Tamer Cavusgil 
260 |a Greenwich, Connecticut :   |b Jai press inc.,   |c 1993 
300 |a 262 p. 
500 |a Includes references 
650 0 0 |a Export marketing. 
700 1 |a Sharma, Dharma D.  |4 edt 
700 1 |a Cavusgil, S. Tamer. 
852 |a INST  |b CHIOS  |e 19960704  |h 658.848 ADV  |p 005200003005  |q 005200003005  |t BK  |y 0  |z v.5 
852 |a INST  |b CHIOS  |e 19960705  |h 658.848 ADV  |p 005200007318  |q 005200007318  |t BK  |y 0  |z v.2 
852 |a INST  |b CHIOS  |e 19960704  |h 658.848 ADV  |p 005200007417  |q 005200007417  |t BK  |y 0  |z v.5 
852 |a INST  |b CHIOS  |e 19960704  |h 658.848 ADV  |p 005200003005  |q 005200003005  |t BK  |v v.5:  |y 0  |z v.5 
852 |a INST  |b CHIOS  |e 19960705  |h 658.848 ADV  |p 005200007318  |q 005200007318  |t BK  |v v.2:  |y 0  |z v.2 
852 |a INST  |b CHIOS  |e 19960704  |h 658.848 ADV  |p 005200007417  |q 005200007417  |t BK  |v v.5:  |y 0  |z v.5 
853 |a INST  |b CHIOS  |h 658.848 ADV 
909 |a Χ  |b 032186 
909 |a Χ  |b 037728 
909 |a Χ  |b 037729